| 000 | 01052nam a2200241 4500 | ||
|---|---|---|---|
| 001 | 114696 | ||
| 003 | DR-UNIBE | ||
| 005 | 20260605112546.0 | ||
| 008 | 260605b2010 ho ||||| |||| 00| 0 spa d | ||
| 020 | _a9789992667385 | ||
| 040 |
_aBIBLIOTECA UNIBE _bspa _cBIBLIOTECA UNIBE |
||
| 041 | _aspa | ||
| 082 |
_222 _a342.7283 H771c |
||
| 110 | 1 | 0 |
_aHonduras. Leyes, decretos, etc. _eautor _9218255 |
| 240 | 1 | 0 | _aConstitución (1982) |
| 245 | 1 | 0 |
_aConstitución de la República : _bdecreto número 131 (1982) : decretos reformas-ratificaciones e interpretaciones, 160 (1982) ... 166-2008 en relación al restableciemiento de los designados en base a sentencia CSJ : decreto no. 90-90 ... : su reglamento, acuerdo no. 754 : actualizada |
| 260 |
_aTegucigalpa, Honduras : _bEditora Casablanca, _c2010 |
||
| 300 |
_a228 páginas ; _c21 cm |
||
| 650 | 7 |
_2lemb _aDerecho constitucional _zHonduras _9218258 |
|
| 651 | 7 |
_2lemb _aHonduras _xConstitución (1982) _9218257 |
|
| 700 | 1 |
_aMatute López, Darlan Esteban _ecompilador _eeditor _9218238 |
|
| 942 |
_2ddc _cBK |
||
| 999 |
_c114696 _d114696 |
||